000 00805nam a2200205Ia 4500
003 GCL
008 140319s9999 xx 000 0 ara d
040 _aGCL /
_cGCL
082 0 4 _a331.12
_bت ع
100 1 _aعبدالدايم احمد الصاوى
245 1 0 _aتجربة الانفتاح الاقتصادى على التنمية الصناعية فى مصر ومقارنتها بتجربة كوريا الجنوبية وسنغافورة /
_cعبدالدايم احمد الصاوى
260 _a[S.N] :
_bالهيئة المصرية العامة للكتاب ،
_c1992
300 _a290 ص
490 _a
650 0 4 _aكوريا الجنوبية
650 0 4 _aسنغافورة
650 0 4 _aالاقتصاد فى مصر
650 0 4 _aالانفتاح الاقتصادى
942 _2ddc
_cBK
999 _c58182
_d58182